Planning and producing instructional media

Bibliographic Details
Main Authors: Kemp, Jerrold E. (Author), Dayton, Deane K. (Author)
Format: Book
Published: New York : Harper & Row , 1985
Edition:5th ed.
Subjects:

MARC

LEADER 00000cam a2200000 7i4500
001 0000003009
005 20021118093000.0
008 021118n
020 |a 0060435887 
090 0 0 |a LB1042   |b .K4 
100 0 |a Kemp, Jerrold E. ,   |e author 
245 0 0 |a Planning and producing instructional media   |c Jerrold E. Kemp, Deane K. Dayton 
250 |a 5th ed. 
260 2 |a New York :   |b Harper & Row ,   |c 1985 
300 |a 292 p. ; ;   |c 29 cm. 
504 |a Includes bibliographies and index 
650 0 |a Audio-visual equipment 
650 0 |a Audio-visual materials 
700 0 |a Dayton, Deane K. ,   |e author 
999 |a 1000026426   |b Book   |c OPEN SHELF (30 DAYS)   |e Gong Badak Campus